[Event "Stuttgart-chB int"]
[Site "Gerlingen"]
[Date "2011.06.03"]
[Round "5"]
[White "Brunki, Alexander"]
[Black "Bried, Martin"]
[Result "1/2-1/2"]
[WhiteElo "1622"]
[BlackElo "1798"]
[PlyCount "25"]
[EventDate "2011.06.02"]
[EventType "swiss"]
[EventRounds "7"]
[EventCountry "GER"]
[SourceTitle "EXT 2018"]
[Source "ChessBase"]
[SourceDate "2017.10.13"]
[SourceVersion "1"]
[SourceVersionDate "2017.10.13"]
[SourceQuality "1"]

1. e4 e6 2. d4 d5 3. exd5 exd5 4. Bd3 Bd6 5. Ne2 Ne7 6. Bf4 0-0 7. c3 Bxf4 8. Nxf4 Ng6 9. Nxg6 hxg6 10. 0-0 Nd7 11. Nd2 Nf6 12. Qc2 c6 13. Rae1 1/2-1/2

[Event "Stuttgart-chB int"]
[Site "Gerlingen"]
[Date "2011.06.02"]
[Round "2"]
[White "Brunki, Alexander"]
[Black "Griesche, Veit"]
[Result "1-0"]
[WhiteElo "1622"]
[BlackElo "1342"]
[PlyCount "49"]
[EventDate "2011.06.02"]
[EventType "swiss"]
[EventRounds "7"]
[EventCountry "GER"]
[SourceTitle "EXT 2018"]
[Source "ChessBase"]
[SourceDate "2017.10.13"]
[SourceVersion "1"]
[SourceVersionDate "2017.10.13"]
[SourceQuality "1"]

1. e4 e5 2. Nf3 Nc6 3. Bc4 Nf6 4. Ng5 d5 5. exd5 Nd4 6. d6 Qxd6 7. Bxf7+ Ke7 8. Bb3 Nxb3 9. axb3 h6 10. Nf3 Bg4 11. h3 Bh5 12. g4 Bg6 13. d3 Kf7 14. Nc3 Be7 15. Be3 a6 16. Qd2 e4 17. dxe4 Qxd2+ 18. Nxd2 Bb4 19. f3 Rad8 20. 0-0-0 Rd7 21. Nc4 Ke6 22. Ne2 Bh7 23. c3 Bd6 24. Nd4+ Kf7 25. e5 1-0

[Event "Stuttgart-chB int"]
[Site "Gerlingen"]
[Date "2011.06.02"]
[Round "1"]
[White "Winkler, Tim"]
[Black "Brunki, Alexander"]
[Result "1-0"]
[WhiteElo "1814"]
[BlackElo "1622"]
[PlyCount "41"]
[EventDate "2011.06.02"]
[EventType "swiss"]
[EventRounds "7"]
[EventCountry "GER"]
[SourceTitle "EXT 2018"]
[Source "ChessBase"]
[SourceDate "2017.10.13"]
[SourceVersion "1"]
[SourceVersionDate "2017.10.13"]
[SourceQuality "1"]

1. e4 e6 2. d4 d5 3. exd5 exd5 4. Bd3 Bd6 5. Nf3 Ne7 6. 0-0 Bf5 7. Re1 0-0 8. Be3 Nd7 9. c3 c6 10. Qc2 Bxd3 11. Qxd3 Ng6 12. Nbd2 Qc7 13. c4 dxc4 14. Nxc4 Bf4 15. g3 Bxe3 16. Rxe3 Rfe8 17. Rae1 Rxe3 18. Rxe3 Nf6 19. Nfe5 Nxe5 20. dxe5 Rd8 21. exf6 1-0

[Event "Stuttgart-chB int"]
[Site "Ditzingen"]
[Date "2005.05.06"]
[Round "4"]
[White "Brunki, Alexander"]
[Black "Kohler, Tilman"]
[Result "0-1"]
[WhiteElo "1525"]
[BlackElo "1653"]
[PlyCount "56"]
[EventDate "2005.05.05"]
[EventType "swiss"]
[EventRounds "7"]
[EventCountry "GER"]
[SourceTitle "EXT 2018"]
[Source "ChessBase"]
[SourceDate "2017.10.13"]
[SourceVersion "1"]
[SourceVersionDate "2017.10.13"]
[SourceQuality "1"]

1. e4 e6 2. d4 d5 3. exd5 exd5 4. Bd3 Nf6 5. Ne2 Bd6 6. Bf4 Bg4 7. f3 Bh5 8. Nd2 c6 9. 0-0 Qc7 10. Bxd6 Qxd6 11. c3 Nbd7 12. Ng3 0-0-0 13. Qa4 Kb8 14. b4 Nb6 15. Qb3 Bg6 16. Bxg6 hxg6 17. Rfb1 Rh4 18. Ndf1 Rdh8 19. h3 Nc4 20. a4 Nh7 21. b5 c5 22. Qc2 Ng5 23. Qf2 Rxh3 24. dxc5 Qf4 25. Qd4 Nxf3+ 26. gxf3 Rxg3+ 27. Nxg3 Qxg3+ 28. Kf1 Qxf3+ 0-1